000 00816nam a2200169 i 4500
001 bg
245 0 _aGospodarowanie wodą w małych jednostkach :
_bmateriały z V Ogólnopolskiej Konferencji Naukowo-Technicznej nt. Problemy Gospodarki wodno-ściekowej w regionach rolniczo-przemysłowych, Białystok, 15-17 czerwca 1989.
_nT. 2,
_pProblemy zaopatrzenia w wodę /
_cpod red. Andrzeja Królokowskiego ; Politechnika Białostocka. Instytut Inżynierii Środowiska.
246 _aProblemy gospodarki wodno-ściekowej w regionach rolniczo-przemysłowych
260 _aBiałystok :
_bWydaw-a PB,
_c1990.
300 _a140 s. :
_crys., wykr. ;
_c23 cm.
504 _aBibliogr. po rozdz.
040 _cBPK
041 _apol
080 _a628.1/.3:556.18(061.3)
942 _cKS
008 s pl f |000 0 pol
999 _c29314
_d29314
856 _uhttp://koha.tu.koszalin.pl/cgi-bin/koha/opac-detail.pl?biblionumber=29314
_yKatalog online BPK